Money, Banking, and Financial Intermediation

Salvato in:
Dettagli Bibliografici
Autore principale: Smith, Gary
Natura: Libro
Lingua:inglese
Pubblicazione: Lexington D.C. Heath and Co. 1991
Edizione:1. ed.
Soggetti:
Tags: Aggiungi Tag
Nessun Tag, puoi essere il primo ad aggiungerne!!

MARC

LEADER 00000nam a2200000 4500
001 c006109
005 20221206114811.7
020 |a 0-669-21724-7 
041 0 |a eng 
044 |a US 
245 1 0 |a Money, Banking, and Financial Intermediation  |c Gary Smith 
250 |a 1. ed. 
264 1 |a Lexington  |b D.C. Heath and Co.  |c 1991 
300 |a 724 s. 
610 2 0 |a peniaze 
610 2 0 |a bankovníctvo 
610 2 0 |a politika finančná 
610 2 0 |a trh peňažný 
610 2 0 |a makroekonomika 
610 2 0 |a analýza ekonomická 
610 2 0 |a politika peňažná 
100 1 |a Smith, Gary